| 000 | 00725nam a2200229 4500 | ||
|---|---|---|---|
| 003 | OSt | ||
| 005 | 20151103110602.0 | ||
| 008 | 881111s1986 sp spa | ||
| 020 | _a84-322-2097-3 | ||
| 040 | _cBMC | ||
| 082 | _a869 | ||
| 100 | 1 |
_aPessoa, Fernando _d1888-1935 _936729 |
|
| 245 | 1 | 0 |
_aLibro del desasosiego de Bernardo Soares _cFernando Pessoa; traducción, organización, introducción y notas de Ángel Crespo |
| 250 | _a1ª ed | ||
| 260 |
_aBarcelona _bSeix Barral _c1986 |
||
| 300 |
_a398 p. _c19 cm |
||
| 490 | 0 |
_aLiteratura contemporánea _v81 |
|
| 595 | _aTraducción de: Livro do desassossego | ||
| 650 | 2 | 4 |
_936929 _aLiteratura portuguesa |
| 700 | 1 |
_aCrespo, Ángel _d1926-1995 |
|
| 942 |
_2ddc _cBK |
||
| 999 |
_c23139 _d23139 |
||